High School Musical CHARACTERS! - Statistics

General Stats
  • This quiz has been taken 241 times
  • The average score is 9 of 15
Answer Stats
Hint Answer % Correct
Zac Efron Troy Bolton
99%
Vanessa Hudgens Gabriella Montez
96%
Ashley Tisdale Sharpay Evans
95%
Lucas Grabeel Ryan Evans
92%
Corbin Bleu Chad Danforth
91%
Monique Coleman Taylor McKessie
72%
Bart Johnson Jack Bolton
68%
Olesya Rulin Kelsi Neilsen
65%
Chris Warren Zeke Baylor
59%
Alyson Reed Ms. Darbus
58%
KayCee Stroh Martha Cox
51%
Ryne Sanborn Jason Cross
41%
Jemma McKenzie-Brown Tiara Gold
26%
Matt Prokop Jimmie Zara
19%
Mark L. Taylor Mr. Folton
5%
No matching quizzes found
Score Distribution
Percent of People with Each Score
Percentile by Number Answered
Your Score History
You have not taken this quiz